[Event "Vadsosjakken-A"]
[Site "Vadso"]
[Date "2005.08.28"]
[Round "5"]
[White "Remman, Frank"]
[Black "Djatkinskij, Andrei"]
[Result "1/2-1/2"]
[WhiteElo "1727"]
[BlackElo "2050"]
[PlyCount "70"]
[EventDate "2005.08.26"]
[EventType "swiss"]
[EventRounds "5"]
[EventCountry "NOR"]
[SourceTitle "EXT 2007"]
[Source "ChessBase"]
[SourceDate "2006.11.23"]
[SourceVersion "1"]
[SourceVersionDate "2006.11.23"]
[SourceQuality "1"]

1. d4 Nf6 2. Nf3 d5 3. c4 c6 4. g3 Bf5 5. Bg2 e6 6. 0-0 Be7 7. b3 0-0 8. Bb2 h6 9. Nbd2 Nbd7 10. Ne5 Nxe5 11. dxe5 Nd7 12. e4 dxe4 13. Bxe4 Bh3 14. Bg2 Bxg2 15. Kxg2 Nc5 16. Qe2 Qa5 17. Ne4 Nxe4 18. Qxe4 Rfd8 19. Bd4 Rd7 20. Be3 Rad8 21. a3 Bg5 22. f4 Be7 23. b4 Qa4 24. f5 Bg5 25. Bxg5 hxg5 26. fxe6 fxe6 27. Qg6 Rd2+ 28. Kh3 Qc2 29. Qxe6+ Kh8 30. Rh1 R2d4 31. Raf1 Qh7+ 32. Kg2 Qe4+ 33. Kh3 Qh7+ 34. Kg2 Qe4+ 35. Kh3 Qh7+ 1/2-1/2

[Event "Vadsosjakken-A"]
[Site "Vadso"]
[Date "2005.08.27"]
[Round "2"]
[White "Djatkinskij, Andrei"]
[Black "Vik Hansen, Rune"]
[Result "1/2-1/2"]
[WhiteElo "2050"]
[BlackElo "1691"]
[PlyCount "72"]
[EventDate "2005.08.26"]
[EventType "swiss"]
[EventRounds "5"]
[EventCountry "NOR"]
[SourceTitle "EXT 2007"]
[Source "ChessBase"]
[SourceDate "2006.11.23"]
[SourceVersion "1"]
[SourceVersionDate "2006.11.23"]
[SourceQuality "1"]

1. e4 c5 2. Nf3 d6 3. d4 cxd4 4. Nxd4 Nf6 5. Nc3 a6 6. g3 e5 7. Nb3 b5 8. Bg2 Bb7 9. Bg5 Be7 10. 0-0 Nbd7 11. Qd3 0-0 12. Rad1 Rc8 13. Bxf6 Nxf6 14. a3 Qc7 15. Rfe1 Rfd8 16. Re2 Qb6 17. Qe3 Qxe3 18. Rxe3 Ba8 19. Re2 Nd7 20. Bh3 Rb8 21. Bxd7 Rxd7 22. Nc5 Ra7 23. Nb3 Bc6 24. Nd5 Bxd5 25. Rxd5 a5 26. c3 a4 27. Nc1 f6 28. Nd3 Ra6 29. Nb4 Rab6 30. Rd3 Bf8 31. Nd5 Rc6 32. f3 Kf7 33. Kf2 Ke6 34. Nb4 Rcb6 35. Nd5 Rc6 36. Nb4 Rcb6 1/2-1/2